000
00203 a2200097 4500
001
43964
100
_a
Edwardes M
245
_a
Red Year
260
_a
London
_b
Hamish Hamilton
_c
090
_c
27703
_d
27703
942
_a
NUST-CAE
_c
M
_c
19673
999
_c
279037
_d
279037